00760nam a2200229 a 450000100060000000300080000600500170001400800410003103500190007204000270009104100080011808200220012610000320014824500620018026000440024230000330028665000200031965000330033994200120037299900170038495201290040170563BD-RjUL20211209082020.0170418s1965 mnua 000 0 eng  a(BD-RjUL)70777 aDLCcDLCdBD-RjULbeng aeng00a591223bGIA 19651 aGilbert, Stephen G.920885710aAtlas of general zoology /cillus. by Stephen G. Gilbert. aMinneapolis :bBurgess Pub. Co.,c1965. aii , 88 p. :bill. ;c28 cm. 0aAnimals9208858 0aAnatomy, Comparative9128809 2ddccBK c70563d70563 00102ddc40718NFICaRUCLbRUCLcReadingd1967-06-13eBook Viewl0o591 GIA 1965r2017-04-18 00:00:00tC-1w2017-04-18yBK